000 00522nam a2200217Ia 4500
003 OSt
005 20220928135411.0
006 a|||||r|||| 00| 0
007 ta
008 220927b |||||||| |||| 00| 0 eng d
024 _a1888
037 _cTextual
040 _aSDCL
_cSDCL
_beng
041 _2eng
_aeng
082 _aO-:g, L7
100 _aReichert John
_9490387
245 0 _aMaking sense of literature
260 _c1977
942 _hO-:g, L7
_cTEXL
_2CC
999 _c805700
_d805700